| 000 | 00735nam a22001817a 4500 | ||
|---|---|---|---|
| 999 |
_c62440 _d62440 |
||
| 005 | 20241031173257.0 | ||
| 008 | 241031s2017 enk||||| |||| 00| 0 eng d | ||
| 020 | _a9781786330895x | ||
| 041 | _aeng | ||
| 080 | _a612.681:613.98:615.851.86 G-18 | ||
| 100 |
_aGarcía, Héctor _923586 |
||
| 245 |
_aIkigai: _bThe Japanese Secret to a Long and Happy Life / _cHéctor García, Francesc Miralles. |
||
| 264 |
_aLondon : _bHutchingson, _c2017. |
||
| 300 |
_a196 p.; _b18 cm. |
||
| 653 | _aიაპონური საიდუმლო ხანგრძლივი და ბედნიერი ცხოვრებისთვის | ||
| 700 |
_aMiralles, , Francesc _eავტორი _923587 |
||
| 942 |
_2udc _cᲬᲘᲒᲜᲘ |
||